000
00346nam a2200133Ia 4500
008
151001s9999||||xx |||||||||||||| ||und||
100
_a
नीलाभ
245
_a
मनुष्य महाबली कैसे बना
250
_a
1
260
_b
उपासना
260
_c
1999
300
_a
106
365
_b
24
999
_c
976499
_d
976496